[Event "St Petersburg Korchnoi Memorial op"]
[Site "St Petersburg"]
[Date "2023.08.24"]
[Round "9"]
[White "Safronov, Grigoriy"]
[Black "Ajusheva, Renata"]
[Result "1/2-1/2"]
[WhiteElo "1589"]
[BlackElo "1427"]
[PlyCount "26"]
[EventDate "2023.08.18"]
[EventType "swiss"]
[EventRounds "9"]
[EventCountry "RUS"]
[SourceTitle "EXT 2024"]
[Source "ChessBase"]
[SourceDate "2023.10.10"]
[SourceVersion "1"]
[SourceVersionDate "2023.10.10"]
[SourceQuality "1"]

1. d4 Nf6 2. Bf4 g6 3. Nc3 d5 4. e3 Bg7 5. h4 h5 6. Nf3 c6 7. Be2 Nbd7 8. Ne5 Nxe5 9. Bxe5 0-0 10. g3 Ne4 11. Nxe4 Bxe5 12. dxe5 dxe4 13. 0-0 Be6 1/2-1/2

[Event "St Petersburg Korchnoi Memorial op"]
[Site "St Petersburg"]
[Date "2023.08.23"]
[Round "8"]
[White "Ajusheva, Renata"]
[Black "Pershutkin, Aleksey I"]
[Result "0-1"]
[WhiteElo "1427"]
[BlackElo "1773"]
[PlyCount "64"]
[EventDate "2023.08.18"]
[EventType "swiss"]
[EventRounds "9"]
[EventCountry "RUS"]
[SourceTitle "EXT 2024"]
[Source "ChessBase"]
[SourceDate "2023.10.10"]
[SourceVersion "1"]
[SourceVersionDate "2023.10.10"]
[SourceQuality "1"]

1. c4 e5 2. b3 Nc6 3. Bb2 Nf6 4. Nf3 e4 5. Nd4 Bc5 6. Nxc6 dxc6 7. e3 Bf5 8. Nc3 Qe7 9. Qc2 Bg6 10. h3 0-0 11. 0-0-0 Ba3 12. d4 exd3 13. Bxd3 a5 14. Bxg6 hxg6 15. Bxa3 Qxa3+ 16. Qb2 Qe7 17. Qc2 Qe5 18. Kb1 b5 19. cxb5 cxb5 20. Rhe1 a4 21. bxa4 bxa4 22. f4 Rfb8+ 23. Ka1 Qc5 24. Qd2 a3 25. Rb1 Rd8 26. Qc1 Rab8 27. Rxb8 Rxb8 28. Na4 Qa5 29. Nc5 Rb2 30. Nb3 Qb4 31. Rd1 Ne4 32. Rd3 c5 0-1

[Event "BLR-ch (Women)"]
[Site "Minsk"]
[Date "2022.01.18"]
[Round "8"]
[White "Ajusheva, Renata"]
[Black "Liashkevich, Lizaveta"]
[Result "1/2-1/2"]
[WhiteElo "1624"]
[BlackElo "1584"]
[PlyCount "73"]
[EventDate "2022.01.11"]
[EventType "tourn"]
[EventRounds "9"]
[EventCountry "BLR"]
[SourceTitle "CBM 206 Extra"]
[Source "ChessBase"]
[SourceDate "2022.03.31"]
[SourceVersion "1"]
[SourceVersionDate "2022.03.31"]
[SourceQuality "1"]

1. c4 e6 2. Nf3 d5 3. e3 Nf6 4. b3 c5 5. Bb2 Be7 6. Nc3 0-0 7. cxd5 Nxd5 8. Nxd5 Qxd5 9. Bc4 Qd8 10. 0-0 Nc6 11. Rc1 b6 12. Qc2 Bb7 13. Be2 Rc8 14. Qb1 Bf6 15. Rfd1 Bxb2 16. Qxb2 Qe7 17. d4 Qf6 18. Qb1 cxd4 19. Nxd4 Nxd4 20. Rxd4 Qg5 21. Rg4 Qa5 22. Rgc4 Qg5 23. Bf1 Rxc4 24. Rxc4 Ba6 25. Ra4 Bxf1 26. Qxf1 a5 27. Rc4 Rd8 28. Qc1 h6 29. Rc8 Qd5 30. Rxd8+ Qxd8 31. g3 Qd6 32. Qc8+ Kh7 33. Qc2+ Kg8 34. a4 Kh8 35. Qc4 Kg8 36. e4 Kh8 37. Qc8+ 1/2-1/2

[Event "BLR-ch (Women)"]
[Site "Minsk"]
[Date "2022.01.15"]
[Round "5"]
[White "Koishman, Karina"]
[Black "Ajusheva, Renata"]
[Result "1/2-1/2"]
[WhiteElo "1465"]
[BlackElo "1624"]
[PlyCount "93"]
[EventDate "2022.01.11"]
[EventType "tourn"]
[EventRounds "9"]
[EventCountry "BLR"]
[SourceTitle "CBM 206 Extra"]
[Source "ChessBase"]
[SourceDate "2022.03.31"]
[SourceVersion "1"]
[SourceVersionDate "2022.03.31"]
[SourceQuality "1"]

1. d4 d5 2. Nc3 Nf6 3. Bg5 Nbd7 4. f3 c6 5. Qd2 h6 6. Bh4 b5 7. e3 Nb6 8. Bd3 Nc4 9. Bxc4 bxc4 10. e4 g5 11. Bf2 Rg8 12. e5 Nh5 13. Nge2 g4 14. f4 Bf5 15. 0-0 e6 16. Nd1 Rb8 17. a3 Be7 18. Ne3 Rxb2 19. Nxf5 exf5 20. Rfb1 Rb6 21. a4 a5 22. Qc1 Kd7 23. Be1 Bb4 24. Bxb4 axb4 25. a5 Rb5 26. a6 Qb6 27. c3 b3 28. Qa3 Qc7 29. g3 Ng7 30. Kf2 Ra8 31. Ke3 Ne6 32. h3 h5 33. hxg4 hxg4 34. Rh1 b2 35. Rab1 Rb3 36. Qa2 Qb6 37. Rbg1 Rxa6 38. Qb1 Ra1 39. Qxf5 Rxg1 40. Qxf7+ Kc8 41. Qxe6+ Kb7 42. Rxg1 b1Q 43. Rxb1 Rxb1 44. f5 Rf1 45. Qe7+ Kc8 46. Qe8+ Kb7 47. Qe7+ 1/2-1/2

[Event "BLR-ch (Women)"]
[Site "Minsk"]
[Date "2021.12.12"]
[Round "4"]
[White "Ajusheva, Renata"]
[Black "Zeliantsova, Kseniya"]
[Result "1/2-1/2"]
[WhiteElo "1464"]
[BlackElo "1988"]
[PlyCount "67"]
[EventDate "2021.12.09"]
[EventType "swiss"]
[EventRounds "9"]
[EventCountry "BLR"]
[SourceTitle "EXT 2023"]
[Source "ChessBase"]
[SourceDate "2022.10.05"]
[SourceVersion "1"]
[SourceVersionDate "2022.10.05"]
[SourceQuality "1"]

1. d4 c5 2. Nf3 Nf6 3. e3 g6 4. g3 Bg7 5. Bg2 0-0 6. 0-0 d6 7. c4 Nc6 8. Nc3 Nd7 9. Rb1 e5 10. dxc5 dxc5 11. e4 Nd4 12. Nd5 Nb6 13. Nxd4 cxd4 14. b3 f5 15. f3 Nxd5 16. cxd5 Bd7 17. a4 b5 18. Ba3 Rf6 19. axb5 Bxb5 20. Rf2 fxe4 21. fxe4 Rxf2 22. Kxf2 Qa5 23. Bc1 Qa2+ 24. Rb2 Qa1 25. Qc2 d3 26. Qb1 Qa5 27. Bd2 Qb6+ 28. Be3 Rf8+ 29. Bf3 Qf6 30. Qd1 h5 31. Kg2 h4 32. Rf2 Qe7 33. Bg4 Rxf2+ 34. Kxf2 1/2-1/2